Betclic 3. Liga - grupa IV 2025/26 - Statystyki

Ogólne statystyki
  • Ten quiz został rozwiązany 43 razy
  • Średni wynik to 10 z 18
Statystyki odpowiedzi
Drużyna % Poprawnych
KSZO 1929 Ostrowiec Świętokrzyski
80%
Avia Świdnik
77%
Cracovia II
70%
Sparta Kazimierza Wielka
63%
Chełmianka Chełm
60%
Korona II Kielce
60%
Wisła II Kraków
60%
Siarka Tarnobrzeg
53%
Stal Kraśnik
53%
Wiślanie Skawina
53%
Pogoń-Sokół Lubaczów
50%
Świdniczanka Świdnik
50%
Wisłoka Dębica
50%
Naprzód Jędrzejów
43%
Podlasie Biała Podlaska
43%
Star Starachowice
40%
Czarni Połaniec
33%
Sokół Kolbuszowa Dolna
30%
Nie znaleziono quizów pasujących do podanych kryteriów
Rozkład punktacji
Procent ludzi z każdym wynikiem
Percentyl według liczby udzielonych odpowiedzi
Twoja historia wyników
Nie rozwiązałeś tego quizu